LEADER 01853nam0 2200409 i 450 001 MIL0767068 005 20251003044237.0 010 $a9788823832367 020 $aIT$b2009-1691 100 $a20221105d2009 ||||0itac50 ba 101 | $aita 102 $ait 181 1$6z01$ai $bxxxe 182 1$6z01$an 183 1$6z01$anc$2RDAcarrier 200 1 $aInnovazione e sviluppo$emiti da sfatare, realtà da costruire$fAlfonso Gambardella$gprefazione di Luca De Biase 210 $aMilano$cEGEA$d2009 215 $aXV, 181 p.$d23 cm. 225 | $aCultura d'impresa 410 0$1001TO01443135$12001 $aCultura d'impresa 606 $aAziende$xInnovazione tecnologica$2FIR$3CFIC014552$9E 676 $a330.12$9SISTEMI ECONOMICI$v12 676 $a338.064$9Produzione. Effetto delle innovazioni tecnologiche$v14 676 $a338.064$9PRODUZIONE$v21 676 $a658.4062$9GESTIONE DEI CAMBIAMENTI INDOTTI DALL'ESTERNO$v21 696 $aImprese 699 $aAziende$yImprese 700 1$aGambardella$b, Alfonso$f <1961- >$3MILV251217$4070$0151654 801 3$aIT$bIT-000000$c20221105 850 $aIT-BN0095 901 $bNAP 01$cAZ $n$ 901 $bNAP 01$cPOZZO LIB.$nVi sono collocati fondi di economia, periodici di ingegneria e scienze, periodici di economia e statistica e altri fondi comprendenti documenti di economia pervenuti in dono. 912 $aMIL0767068 950 0$aBiblioteca Centralizzata di Ateneo$c1 v.$d 01AZ (C) 21 635$e 01C 0800216355 VMA 1 v.$fY $h20130408$i20130408$c1 v.$d 01POZZO LIB.ECON MON 1625$e 0101 0000208435E VMA 1 v. (Precedente collocazione: DASES B 1752)$fB $h20091221$i20091221 977 $a 01 996 $aInnovazione e sviluppo$964940 997 $aUNISANNIO